Memorias del 6.º Encuentro Nacional de Archivos : (Record no. 12502)

MARC details
000 -LEADER
campo de control de longitud fija 03319nam a22003017a 4500
003 - IDENTIFICADOR DE NÚMERO DE CONTROL
campo de control AGN
005 - FECHA Y HORA DE LA ÚLTIMA TRANSACCIÓN
campo de control 20250304141510.0
008 - DATOS DE LONGITUD FIJA--INFORMACIÓN GENERAL
campo de control de longitud fija 210705b ||||| |||| 00| 0 spa d
020 ## - NÚMERO INTERNACIONAL ESTÁNDAR DEL LIBRO
Número Internacional Estándar del Libro 978-9945-613-45-2
040 ## - FUENTE DE CATALOGACIÓN
Centro catalogador/agencia de origen AGN
Lengua de catalogación Spa
Centro/agencia transcriptor AGN
Normas de descripción RCAA
041 ## - CÓDIGO DE IDIOMA
Código de lengua del texto/banda sonora o título independiente spa
082 ## - NÚMERO DE LA CLASIFICACIÓN DECIMAL DEWEY
Número de clasificación 027.7293 E56m 2018
111 ## - ENTRADA PRINCIPAL--NOMBRE DE CONGRESO/REUNIÓN
Nombre de congreso/reunión o jurisdicción como elemento de entrada Encuentro Nacional de Archivos de la República Dominicana (6º : 13 14 y 15 junio : 2018 : Santo Domingo)
245 ## - MENCIÓN DEL TÍTULO
Título Memorias del 6.º Encuentro Nacional de Archivos :
Resto del título gestión documental : administración electrónica : Santo Domingo, 13-15 de junio de 2018 /
Mención de responsabilidad, etc. cuidado de edición : Raymundo González, Ángel Hernández ; diagramación y diseño de portada : Yahaira Fernández Vásquez
260 ## - PUBLICACIÓN, DISTRIBUCIÓN, ETC.
Lugar de publicación, distribución, etc. Santo Domingo :
Nombre del editor, distribuidor, etc. Archivo General de la Nación,
Fecha de publicación, distribución, etc. 2020
300 ## - DESCRIPCIÓN FÍSICA
Extensión 156 p. :
Otras características físicas cuadros, fotografías, ilustraciones
490 ## - MENCIÓN DE SERIE
Mención de serie Archivo General de la Nación ;
Designación de volumen o secuencia Volumen 378
505 ## - NOTA DE CONTENIDO CON FORMATO
Nota de contenido con formato Presentación, 9.-- Discurso de apertura: «Gestión documental y administración electrónica» / Roberto Cassá, 11.-- Los desafíos de la gestión del documento electrónico desde una perspectiva archivística / Ramón Alberch i Fugueras, 21.-- Marco normativo de tecnologías de la información y comunicación / Glenny Castro, 31.-- La gestión de los datos de carácter personal en los archivos a través del nuevo reglamento europeo de protección de datos personales / Cristina Díaz Martínez, 37.-- Normas sobre tecnologías de la información y comunicación NORTIC A2, A3 y E1 para el desarrollo y gestión de los medios Web, Datos Abiertos y Redes Sociales de Estado Dominicano / Huáscar Frías Vilorio, 49.-- Aspectos legales de la Firma Digital en República Dominicana / Jasmín Fabré, 59.-- Oficina paperless: los pasos previos / Marie-France Balasse, 63.-- La gestión de documentos electrónicos en la Comunidad de Madrid / Antonio González Quintana, 77.-- Firma Digital en la gestión documental / Jasmín Fabré, 99.-- La transición del documento analógico al documento digital: problemas y retos para la administración pública actual / Ramón Aguilera Murguía, 103.-- Plenaria: implementación del Archivo Digital Nacional / Erika Rangel, 111.-- El legado digital de la Junta Central Electoral / Juan Karlos Saladín, 115.-- Índice de uso de TIC e implementación de Gobierno Electrónico en el Estado Dominicano / Melvin Hilario, 121.-- Gobierno Digital / Armando García, 129.-- Palabras de clausura del 6.º Encuentro Nacional de Archivos / José Vílchez, 131.-- Anexos, 135.-- Lista de participantes por institución, 137.-- Programa del evento, 145.-- Fotos 6.º Encuentro Nacional de Archivos, 147.
650 ## - PUNTO DE ACCESO ADICIONAL DE MATERIA--TÉRMINO DE MATERIA
Término de materia o nombre geográfico como elemento de entrada Archivos
Subdivisión general Congresos, conferencias, etc.
Subdivisión geográfica República Dominicana
650 ## - PUNTO DE ACCESO ADICIONAL DE MATERIA--TÉRMINO DE MATERIA
Término de materia o nombre geográfico como elemento de entrada Gestión documental
650 ## - PUNTO DE ACCESO ADICIONAL DE MATERIA--TÉRMINO DE MATERIA
Término de materia o nombre geográfico como elemento de entrada Administración electrónica
700 ## - ENTRADA AGREGADA--NOMBRE PERSONAL
Nombre de persona González, Raymundo,
Término indicativo de función/relación cuidado de edición
Fechas asociadas al nombre 1961-
Forma completa/desarrollada del nombre (González de Peña, Raymundo Manuel)
700 ## - ENTRADA AGREGADA--NOMBRE PERSONAL
Nombre de persona Hernández, Ángel,
Término indicativo de función/relación cuidado de edición
700 ## - ENTRADA AGREGADA--NOMBRE PERSONAL
Nombre de persona Fernández Vásquez, Yahaira,
Término indicativo de función/relación diagramación y diseño de portada
710 ## - ENTRADA AGREGADA--NOMBRE DE ENTIDAD CORPORATIVA
Nombre de entidad corporativa o nombre de jurisdicción como elemento de entrada República Dominicana
Unidad subordinada Archivo General de la Nación
856 ## - LOCALIZACIÓN Y ACCESO ELECTRÓNICOS
Identificador Uniforme de Recurso <a href="http://colecciones.agn.gob.do/opac/ficha.php?informatico=00117790PI&suposi=1&idpag=279026603&codopac=OPPUB&presenta=digitaly2p#viajeinicial">http://colecciones.agn.gob.do/opac/ficha.php?informatico=00117790PI&suposi=1&idpag=279026603&codopac=OPPUB&presenta=digitaly2p#viajeinicial</a>
942 ## - ELEMENTOS DE ENTRADA SECUNDARIOS (KOHA)
Fuente de la clasificación o esquema de estantería Clasificación Decimal Dewey
Tipo de ítem Koha Libros
Sufijo de la signatura 027.7293 E56m 2018
Suprimir en OPAC No
Holdings
Estatus retirado Estado de pérdida Fuente de la clasificación o esquema de estantería Estado de daño No para préstamo Biblioteca de origen Biblioteca actual Fecha de adquisición Total de préstamos Signatura topográfica completa Visto por última vez Identificador uniforme de recursos Precio de reemplazo Tipo de ítem Koha
    Clasificación Decimal Dewey     Biblioteca IDEICE Biblioteca IDEICE 18/02/2025   027.7293 E56m 2018 18/02/2025 https://biblioteca.agn.gob.do/cgi-bin/koha/opac-detail.pl?biblionumber=60160&query_desc=kw%2Cwrdl%3A%20gesti%C3%B3n%20documental 18/02/2025 Libros

© 2024. Todos los Derechos Reservados. Desarrollado por IDEICE